|
|
|
|
| LEADER |
00000nab a2200000 a 4500 |
| 001 |
vtls000384416 |
| 003 |
SK-MaSNL |
| 005 |
20260318124207.0 |
| 008 |
160204c1988 xo 0 slo |
| 015 |
|
|
|a SNBRA19rr/mm-uuuuu
|
| 035 |
|
|
|a CL0384538
|
| 040 |
|
|
|a SNKBUCL
|b slo
|c SNKBUCL
|e AACR2
|
| 041 |
0 |
|
|a slo
|
| 044 |
|
|
|a xo
|c SK
|
| 080 |
|
|
|a 621.43.016:621.43.06
|2 1981
|
| 080 |
|
|
|a 621.43.06
|2 1981
|
| 080 |
|
|
|a 536.4
|2 1981
|
| 100 |
1 |
|
|a Ivin, V. I.
|4 aut
|9 1277834
|
| 245 |
1 |
0 |
|a Razčet i upravlenije teplovymi processami v vypusknoj sisteme DVS
|c V. I. Ivin, L. V. Grechov
|
| 300 |
|
|
|b Sch. 1. Grafy 3., lit. 6 zázn. v ruš.
|
| 650 |
0 |
7 |
|a spaľovacie motory
|2 snkbucl
|9 67366
|
| 650 |
0 |
7 |
|a systém výfukový (stroj.)
|2 snkbucl
|9 1277835
|
| 655 |
|
7 |
|a články zo zborníkov
|2 snkbucl
|9 166140
|
| 700 |
1 |
|
|a Grechov, L. V.
|4 aut
|9 1277836
|
| 773 |
0 |
|
|t Motor sympo 88. 3
|d Žilina : Dom techniky ČSVTS, 1988
|g S. 722-731
|
| 850 |
|
|
|a Slovenská národná knižnica v Martine
|a MTA001
|
| 852 |
|
|
|a SNK
|b KIS3GCP
|
| 958 |
|
|
|a NB
|
| 958 |
|
|
|a RK
|
| 958 |
|
|
|a SU
|
| 992 |
|
|
|a RZB
|
| 999 |
|
|
|c 2536633
|d 2538563
|